| 000 | 00597nam a2200169Ia 4500 | ||
|---|---|---|---|
| 003 | GCL | ||
| 008 | 140319s9999 xx 000 0 ara d | ||
| 040 |
_aGCL / _cGCL |
||
| 082 | 0 | 4 |
_a004.1 _bع م |
| 100 | 1 | _aعبدالفتاح بيومى حجازى | |
| 245 | 1 | 0 |
_aمقدمة فى التجارة الاليكترونية العربية / _cعبدالفتاح بيومى حجازى |
| 260 |
_aالقاهرة : _bدار الفكر الجامعى ، _c2003 |
||
| 300 |
_aمتعدد ؛ _c24 سم |
||
| 650 | 0 | 4 | _aالإنترنت |
| 650 | 0 | 4 | _aالتجارة الالكترونية |
| 942 |
_2ddc _cBK |
||
| 999 |
_c5135 _d5135 |
||